00671nam a2200193Ia 4500008004100000020001800041082001500059100002100074245007800095250000700173260004400180300002900224500000700253600002100260650005000281942000700331952012200338999001700460240925s9999 xx 000 0 und d a9780521769921 a004.22 BAE aBaer ,Jean- Loup 0aMicroprocessor Architecture: from simple piplines to chip multiprocessors aNA aNew York:bCambridge Universityc,2010. axxi,682p.bN.AfOriginal aNA aComputer Science aComputer science, information & general works cBK 001040708CSaUITUbUITUd2010-09-21eAmazon.comg615.00l0o004.22 BAEpQ8428r2024-09-25 07:14:57w2024-09-25yBK c10927d10927